Theory of groups of finite order /
Guardado en:
| Autor Principal: | |
|---|---|
| Formato: | Libro |
| Idioma: | English |
| Publicado: |
[New York?] :
Dover,
1955.
|
| Edición: | 2nd ed. |
| Etiquetas: |
Agregar Etiqueta
Sin Etiquetas, Sea el primero en etiquetar este registro!
|
| LEADER | 00576nam a22001695a 4500 | ||
|---|---|---|---|
| 001 | MAT.inmabb001528 | ||
| 008 | 031124r19551911xxu###########000#0#eng#d | ||
| 005 | 20130412081053.0 | ||
| 245 | 1 | 0 | |a Theory of groups of finite order / |c by W. Burnside. |
| 250 | |a 2nd ed. | ||
| 260 | |a [New York?] : |b Dover, |c 1955. | ||
| 300 | |a xxiv, 512 p. ; |c 21 cm. | ||
| 500 | |a Unabridged republication of the 2nd ed., published in 1911 [by Cambridge Univ. Press]. | ||
| 510 | 4 | |a MR, |c 16,1086c | |
| 100 | 1 | |a Burnside, William Snow, |d 1852-1927. | |
| 084 | |a 20 |2 msc2000 | ||
| 859 | |h 20 |i B967 |p A-1896 |b BIB. MATEMATICA | ||
